000 00903nac a22002537a 4500
001 BR9603913
003 BR-BrBNA
005 20240105121756.0
008 230509b bl.|||m| |||| 00| 0 por d
040 _aBR-BrBNA
_bpor
_cBiblioteca Nacional de Agricultura
072 _aN20
090 _a4530 BR9603913
100 1 _aPacheco, E.P.
100 1 _aMantovani, E.C.
110 1 _aAssociacao dos Engenheiros Agricolas de Minas Gerais, Vicosa (Brasil)
_9584
245 1 _aAvaliacao do desempenho de uma semeadora-adubadora de precisao em relacao a uniformidade de distribuicao longitudinal de sementes
260 3 _aVicosa, MG (Brasil):
_c1993.
300 _a8 p.
490 _aEngenharia na Agricultura. Serie Mecanizacao Agricola (Brazil)
_vv. 2 no. (4)
_x
650 _aSemeadeira
650 _aMecanizacao Agricola
909 _a202312
_bLúcia Elande
_c55
_dLúcia Elande
942 _2AGRIS
_n0
_cMS
999 _c287374
_d287374